000 00989nam a2200277Ia 4500
003 CO-BoRNBP
005 20230606164658.0
007 ta
008 000030 2016 ck a g spa spa
040 _aCO-BoRNBP
_bspa
_erda
_cCO-BoRNBP
041 _aspa
084 _aC ORT1
100 1 _aOrtega Ricaurte, Carmen
_92489
245 1 4 _aLas aventuras del angelito mofletudo
_cCarmen Ortega Ricaurte ; ilustraciones Juan Sierra Carrasquilla
250 _aEdición especial
264 _aBogotá
_bPanamericana
_c2016
300 _a131 páginas
_bilustraciones a color
_c18 cm
336 _atexto
_btxt
_2rdacontent
337 _asin mediación
_bn
_2rdamedia
338 _avolumen
_bnc
_2rdacarrier
650 1 4 _2LEMB
_aCuentos infantiles colombianos
_ySiglo XXI
_9965
650 1 4 _2LEMB
_aLiteratura infantil colombiana
_ySiglo XXI
_9966
650 1 4 _2LEMB
_aNaturaleza en la literatura
_91606
700 1 _aSierra Carrasquilla, Juan Ramón
_eilustrador
_92494
942 _cBKINF
999 _c9654
_d9654